000 01242nam a2200265Ia 4500
999 _c38276
_d38276
001 4284
003 GE_BSU
005 20191010163943.0
008 181216s1973||||ge |||||||||||||| ||geo||
040 _cGE_BSU
041 _ageo
080 _a37.01(479.22)(092) მ-47
100 _aმეგრელიძე, იოსებ
_9114
245 _aიაკობ გოგებაშვილი და ახალი ქართული ენა :
_bსახელმძღვანელოები, გრამატიკის საკითხები /
_cრედ. ა. ჟორდანია.
250 _aმე-2 შევსებული გამოცემა.
264 _aთბილისი :
_bგანათლება,
_c1973.
300 _a173 გვ. :
_bილ. პორტრ. ;
_c21 სმ.
501 _aსახელთა საძიებელი: გვ. 224-231.
541 _h1 ლ.
600 _aგოგებაშვილი იაკობ
_92095
653 _aქართული ენა;
653 _aგრამატიკის საკითხები.
700 _aჟორდანია, ა.
_eრედაქტორი
_94681
942 _cBK
_2udc